000 00483nam a22001697a 4500
005 20251108170013.0
008 250721s1971 xx 000 0 ara d
082 1 4 _aق/محم
100 1 _aعودة، محمد
245 1 0 _aسبعة باشوات و صور أخرى /
264 1 _aالقاهره :
_bمؤسسة روز اليوسف،
_c1971.
300 _a155ص
650 1 7 _aالأدب العربي
650 1 7 _aالقصص العربيه
942 _2ddc
_cBK
999 _c37148
_d37148